000 00295nam a2200121Ia 4500
008 241028s9999 xx 000 0 und d
041 _aeng
082 _a658.8 GEN
100 _aGenco
245 _aNeuromarketing For Dummies
260 _bWiley India
_aNew Delhi
_c2013
300 _a392;. P. 23 cm
999 _c43037
_d43037